000 00537nmm a2200169Ia 4500
008 251105s9999||||xx |||||||||||||||||und||
020 _a9789587381580
041 _aspa
100 _aJaramillo Jassir, Iván Daniel
245 0 _aPrincipios constitucionales y legales del Derecho del Trabajo colombiano
264 _a[Bogotá, Colombia] :
_bUniversidad del Rosario,
_c2010
300 _a370 páginas
490 _aTextos de Jurisprudencia
650 _aLaw
856 _uhttps://public.digitaliapublishing.com/a/14848
942 _cCF
999 _c95684
_d95684